Stage construction / (Record no. 528953)

000 -LEADER
fixed length control field 01250cam a2200325 i 4500
001 - CONTROL NUMBER
control field 1337936
003 - CONTROL NUMBER IDENTIFIER
control field NUST
005 - DATE AND TIME OF LATEST TRANSACTION
control field 20190917063956.0
008 - FIXED-LENGTH DATA ELEMENTS--GENERAL INFORMATION
fixed length control field 791228s1979 dcua b 000 0 eng
010 ## - LIBRARY OF CONGRESS CONTROL NUMBER
LC control number 79029664
020 ## - INTERNATIONAL STANDARD BOOK NUMBER
International Standard Book Number 0309029775
038 ## - RECORD CONTENT LICENSOR
Staff Name MSOHAIL
040 ## - CATALOGING SOURCE
Original cataloging agency DLC
Transcribing agency DLC
Modifying agency DLC
043 ## - GEOGRAPHIC AREA CODE
Geographic area code d------
050 00 - LIBRARY OF CONGRESS CALL NUMBER
Classification number TE175
Item number .N32 1979
082 00 - DEWEY DECIMAL CLASSIFICATION NUMBER
Classification number 625.725091724
Author Mark TRB
110 2# - MAIN ENTRY--CORPORATE NAME
Corporate name or jurisdiction name as entry element National Research Council (U.S.).
Subordinate unit Transportation Research Board.
9 (RLIN) 19676
245 10 - TITLE STATEMENT
Title Stage construction /
Statement of responsibility, etc. Transportation Research Board, Commission on Sociotechnical Systems, National Research Council.
250 ## - EDITION STATEMENT
Edition statement Synthesis - 2
260 ## - PUBLICATION, DISTRIBUTION, ETC.
Place of publication, distribution, etc. Washington, D.C. :
Name of publisher, distributor, etc. National Academy of Sciences,
Date of publication, distribution, etc. 1979.
300 ## - PHYSICAL DESCRIPTION
Extent vi, 37 p. :
Other physical details ill. ;
Dimensions 28 cm.
440 #0 - SERIES STATEMENT/ADDED ENTRY--TITLE
Title Transportation technology support for developing countries : Synthesis ;
Volume/sequential designation 2
9 (RLIN) 20785
500 ## - GENERAL NOTE
General note Errata slip inserted.
500 ## - GENERAL NOTE
General note "Prepared under contract AID/OTR-C-1591, project 931-1116, U.S. Agency for International Development.
504 ## - BIBLIOGRAPHY, ETC. NOTE
Bibliography, etc. note Bibliography: p. 37.
650 #0 - SUBJECT ADDED ENTRY--TOPICAL TERM
Topical term or geographic name entry element Roads
Geographic subdivision Developing countries.
9 (RLIN) 20783
650 #0 - SUBJECT ADDED ENTRY--TOPICAL TERM
Topical term or geographic name entry element Roads
Geographic subdivision Developing countries
General subdivision Design and construction.
9 (RLIN) 20778
906 ## - LOCAL DATA ELEMENT F, LDF (RLIN)
a 7
b cbc
c orignew
d u
e ocip
f 19
g y-gencatlg
942 ## - ADDED ENTRY ELEMENTS (KOHA)
Source of classification or shelving scheme
Koha item type Book
Holdings
Withdrawn status Lost status Source of classification or shelving scheme Damaged status Not for loan Permanent Location Current Location Date acquired Total Checkouts Full call number Barcode Date last seen Price effective from Koha item type
          School of Civil and Environmental Engineering (SCEE) School of Civil and Environmental Engineering (SCEE) 09/17/2019   625.725091724 TRB NIT-10598 09/17/2019 09/17/2019 Book
© 2023 Central Library, National University of Sciences and Technology. All Rights Reserved.